| 000 | 01305cam a22003858a 4500 | ||
|---|---|---|---|
| 001 | 3923342 | ||
| 003 | ASAB | ||
| 005 | 20180827062718.0 | ||
| 008 | 860710s1986 dcu b 001 0 eng d | ||
| 010 | _a 85026675 | ||
| 020 | _a0-914826-70-0 | ||
| 020 | _a0914826700 (soft) | ||
| 035 | _a(OCoLC)12750693 | ||
| 035 | _a(OCoLC)ocm12750693 | ||
| 035 | _a(CStRLIN)NYCM86-B3762 | ||
| 035 | _a(NNC)3923342 | ||
| 040 |
_aDNLM/DLC _cASAB _dCStRLIN _dCtY-M _dNNC-M |
||
| 050 | 0 |
_aRB46.5 _b.M36 1986 |
|
| 082 | 0 |
_a616.07/5 _219 |
|
| 245 | 0 | 0 |
_aManual of clinical laboratory immunology / _ceditors, Noel R. Rose, Herman Friedman, John L. Fahey. |
| 250 | _a3rd ed. | ||
| 260 |
_aWashington, D.C. : _bAmerican Society for Microbiology, _c1986. |
||
| 300 |
_axxiii, 1002 p. : _bill. ; _c29 cm. |
||
| 500 | _aRev. ed. of: Manual of clinical immunology. 2nd ed. 1980. | ||
| 504 | _aIncludes bibliographies and indexes. | ||
| 650 | 0 |
_aImmunodiagnosis _vHandbooks, manuals, etc. _92393 |
|
| 650 | 0 |
_aImmunology _vHandbooks, manuals, etc. _92394 |
|
| 650 | 2 |
_aImmunologic Techniques. _92395 |
|
| 700 | 1 |
_aRose, Noel R. _92396 |
|
| 700 | 1 |
_aFriedman, Herman, _d1931-2007. _92397 |
|
| 700 | 1 |
_aFahey, John L. _92398 |
|
| 730 | 0 |
_aManual of clinical immunology. _92399 |
|
| 942 |
_2ddc _cBK |
||
| 999 |
_c480356 _d480356 |
||